000 02102nam a22003497a 4500
001 42835
003 gtgccic
005 20260227103345.0
007 ta
008 260227b gt ||||| |||| 00| 0 spa d
040 _agtgccic
_bspa
_cgtgccic
_erda
084 _0TPI-17-0133
100 1 0 _aJulio Antonio Arreaga Solares
_dIngeniero Civil
_eautor
245 1 0 _aPropuesta de un plan municipal para el mejoramiento del sistema de abastecimiento de
_bagua potable para las zonas 4, 5, y 10 del municipio de Villa Nueva, Guatemala /
_cArreaga Solares, Julio Antonio
264 1 _aGuatemala :
_bUSAC, Facultad de Ingeniería ;
_c2017.-
300 _a60 p. :
_bil. ;
_c28 cm
336 _2rdacontenido
_aTexto
_btxt
337 _2rdamedio
_asin mediación
_bn
338 _2rdasoporte
_avolumen
_bnc
502 _aTesis Postgrado
_bMAESTRO EN ARTES EN INGENIERÍA PARA EL DESARROLLO MUNICIPAL
_cUSAC, Facultad de Ingeniería, Escuela de Postgrado
_d2017
_oTPI-17-0133
504 _aBibliografía pag. 57
505 _t1. ANTECEDENTES
505 _t2. PRESENTACIÓN DEL SERVICIO DE AGUA POTABLE EN GUATEMALA
505 _t3. PRESENTACIÓN Y ANÁLISIS DE RESULTADOS
505 _t4. PROPUESTA DEL PLAN
520 3 _aEl trabajo de investigación que se presenta en este documento, se basa en el análisis de la problemática en la deficiencia en el sistema de abastecimiento de agua potable, para las zonas 4, 5 y 10 del municipio de Villa Nueva departamento de Guatemala, el cual no es contínuo no solo en horas sino en días, lo que provoca inconsistencia en el objetivo primordial de la comuna como es velar por el bien común de los habitantes del municipio y en específico de estas zonas que representan más del 25% de la población, que se encuentra insatisfecha, pues esto genera enfermedades gastrointestinales y utilización adicional de recursos económicos adicionales para el presupuesto de las familias que allí residen.
650 _aPLANIFICACIÓN RURAL
650 _aAGUA POTABLE
700 _aDra. Ing. Alba Maritza Guerrero Spínola
_easesor
942 _2ddc
_cTPS
945 _aamlo
999 _c2689
_d2689